000
00366nam a22001577a 4500
003
MPLRDC
005
20220104113831.0
008
210129b ||||| |||| 00| 0 eng d
082
_a
782.892 ZFX c.3*
100
_a
郑丰喜著
245
_a
汪洋中的一条船
_c
260
_a
_b
远东出版社
_c
300
_b
平
650
_a
942
_c
BK
_o
782.892 ZFX c.3*
999
_c
2712
_d
2702